书目信息 |
| 题名: |
爱情这逃犯
|
|
| 作者: | 傅腾霄 主编 ;潘小平 著 | |
| 分册: | ||
| 出版信息: | 深圳 海天出版社 2000.10 |
|
| 页数: | 210页 | |
| 开本: | 21cm | |
| 丛书名: | 解读斯芬克思丛书 | |
| 单 册: | ||
| 中图分类: | C913.1 | |
| 科图分类: | ||
| 主题词: | 爱情--ai qing--研究--中国 , 性问题--xing wen ti--研究--中国 | |
| 电子资源: | ||
| ISBN: | 7-80654-299-X | |
| 000 | 00971nam 2200277 450 | |
| 001 | 012008060767 | |
| 005 | 20080424155255.57 | |
| 010 | @a7-80654-299-X@dCNY12.00 | |
| 100 | @a20080424d2000 km y0chiy0120 ea | |
| 101 | 0 | @achi |
| 102 | @aCN@b440000 | |
| 105 | @aa z 000yy | |
| 106 | @ar | |
| 200 | 1 | @a爱情这逃犯@Aai qing zhe tao fan@f傅腾霄主编@Ffu teng xiao zhu bian@g潘小平著@Gpan xiao ping zhu |
| 210 | @a深圳@c海天出版社@d2000.10 | |
| 215 | @a210页@c图@d21cm | |
| 225 | 2 | @a解读斯芬克思丛书@Ajie du si fen ke si cong shu |
| 330 | @a本书为我们勾勒出了我国社会近40年来情爱性爱观念发展变化的轨迹,展现我国社会情感风貌,以及商业文化语境的情感变异等。 | |
| 410 | 0 | @12001 @a解读斯芬克思丛书 |
| 606 | 0 | @a爱情@Aai qing@x研究@y中国 |
| 606 | 0 | @a性问题@Axing wen ti@x研究@y中国 |
| 690 | @aC913.1@v4 | |
| 701 | 0 | @a傅腾霄@Afu teng xiao@4主编 |
| 702 | 0 | @a潘小平@Apan xiao ping@4著 |
| 801 | 0 | @aCN@bQSSK@c20080424 |
| 905 | @b20703119-21@dC913.1@eF957@f3 | |
| 爱情这逃犯/傅腾霄主编/潘小平著.-深圳:海天出版社,2000.10 |
| 210页:图;21cm.-(解读斯芬克思丛书) |
| ISBN 7-80654-299-X:CNY12.00 |
| 本书为我们勾勒出了我国社会近40年来情爱性爱观念发展变化的轨迹,展现我国社会情感风貌,以及商业文化语境的情感变异等。 |
| ● |
| 相关链接 |
|
|
|
正题名:爱情这逃犯
索取号:C913.1/F957
 
预约/预借
| 序号 | 登录号 | 条形码 | 馆藏地/架位号 | 状态 | 备注 |
| 1 | 703119 | 207031193 | 社科库509/509社科库 60排5列5层/ [索取号:C913.1/F957] | 在馆 | |
| 2 | 703120 | 207031200 | 社科库509/509社科库 60排5列5层/ [索取号:C913.1/F957] | 在馆 | |
| 3 | 703121 | 207031219 | 社科库509/509社科库 60排5列5层/ [索取号:C913.1/F957] | 在馆 |